[Event "Budapest-chT1 Lilienthal 1718"]
[Site "Budapest"]
[Date "2017.11.19"]
[Round "4"]
[White "Toth, Abel Levente"]
[Black "Maga, Peter"]
[Result "0-1"]
[WhiteElo "1802"]
[BlackElo "1764"]
[PlyCount "64"]
[EventDate "2017.10.01"]
[EventType "team-tourn"]
[EventRounds "13"]
[EventCountry "HUN"]
[SourceTitle "EXT 2021"]
[Source "ChessBase"]
[SourceDate "2020.10.23"]
[SourceVersion "1"]
[SourceVersionDate "2020.10.23"]
[SourceQuality "1"]
[WhiteTeam "Barcza GSC"]
[BlackTeam "Csepel"]
[WhiteTeamCountry "HUN"]
[BlackTeamCountry "HUN"]

1. e4 c6 2. Nf3 d5 3. Nc3 Nf6 4. e5 Ne4 5. d4 Bg4 6. Be2 Nxc3 7. bxc3 e6 8. Be3 Be7 9. 0-0 Nd7 10. Rb1 b5 11. Qd2 h6 12. Ne1 Bxe2 13. Qxe2 Qa5 14. Nd3 Qxc3 15. Nb4 Bxb4 16. Rb3 Qc4 17. Qxc4 dxc4 18. Rxb4 Nb6 19. Bd2 Nd5 20. Rbb1 c3 21. Bc1 a5 22. a4 b4 23. f4 Ke7 24. Kf2 Rhd8 25. Be3 Nb6 26. Ra1 Rd5 27. Ke2 Rad8 28. Rfc1 Nc4 29. Bf2 f6 30. Ra2 Rf8 31. g3 fxe5 32. fxe5 Nxe5 0-1

[Event "HUN-chT U18"]
[Site "Hajduboszormeny"]
[Date "2016.11.03"]
[Round "2.21"]
[White "Kovacs, Judit"]
[Black "Toth, Abel Levente"]
[Result "1-0"]
[WhiteElo "2022"]
[BlackElo "1830"]
[PlyCount "67"]
[EventDate "2016.11.02"]
[EventType "team-swiss"]
[EventRounds "8"]
[EventCountry "HUN"]
[SourceTitle "CBM 175 Extra"]
[Source "ChessBase"]
[SourceDate "2016.12.12"]
[SourceVersion "1"]
[SourceVersionDate "2016.12.12"]
[SourceQuality "1"]

1. Nf3 d5 2. c4 e6 3. g3 Nf6 4. Bg2 Be7 5. 0-0 0-0 6. d4 c6 7. Qc2 Nbd7 8. b3 b6 9. Rd1 Bb7 10. Nc3 Rc8 11. e4 c5 12. exd5 cxd4 13. Nxd4 exd5 14. Nf5 Bb4 15. Nxd5 Bxd5 16. Bxd5 Nxd5 17. Rxd5 Qf6 18. Bb2 Qe6 19. Rad1 Nf6 20. Re5 Qc6 21. a3 Bc5 22. b4 Bxf2+ 23. Qxf2 Qxc4 24. Rc1 Qa6 25. Rxc8 Rxc8 26. Ne7+ Kf8 27. Nxc8 Qxc8 28. Qd4 h6 29. Re1 Kg8 30. Rd1 Qe6 31. Qe5 Qb3 32. Rd8+ Kh7 33. Qf5+ g6 34. Rh8+ 1-0

[Event "HUN-chT U18"]
[Site "Budapest"]
[Date "2015.08.30"]
[Round "8.45"]
[White "Barasits, Balint"]
[Black "Toth, Abel Levente"]
[Result "1/2-1/2"]
[WhiteElo "1716"]
[BlackElo "1754"]
[PlyCount "95"]
[EventDate "2015.08.26"]
[EventType "team-swiss"]
[EventRounds "8"]
[EventCountry "HUN"]
[SourceTitle "EXT 2016"]
[Source "ChessBase"]
[SourceDate "2015.10.08"]
[SourceVersion "1"]
[SourceVersionDate "2015.10.08"]
[SourceQuality "1"]

1. e4 e6 2. d4 d5 3. Nc3 a6 4. Nf3 Nf6 5. e5 Nfd7 6. Bf4 c5 7. Ne2 Nc6 8. c3 Qb6 9. Qc2 cxd4 10. Nexd4 Bc5 11. Nxc6 bxc6 12. Bd3 h6 13. 0-0 a5 14. b3 Ba6 15. Bxa6 Qxa6 16. Qd2 Rb8 17. Rab1 Ba7 18. Be3 Nc5 19. Qc2 Ne4 20. Bxa7 Qxa7 21. Nd2 Nxd2 22. Qxd2 Kd7 23. Rfc1 Rb7 24. Qf4 Ke7 25. Qh4+ f6 26. Re1 Qc5 27. Qg4 Kd8 28. exf6 gxf6 29. Rxe6 Re7 30. Rxe7 Qxe7 31. Qd4 Re8 32. Qb6+ Kd7 33. Qb7+ Kd6 34. Qxe7+ Rxe7 35. Kf1 a4 36. b4 Re4 37. Re1 Rc4 38. Re3 d4 39. Rd3 Kd5 40. Ke2 Rxc3 41. Rxc3 dxc3 42. Kd3 c2 43. Kxc2 Kc4 44. a3 Kd4 45. Kd2 Kc4 46. Kc2 Kd4 47. Kd2 Kc4 48. Kc2 1/2-1/2

[Event "HUN-chT U18"]
[Site "Budapest"]
[Date "2015.08.27"]
[Round "2.45"]
[White "Acs, Petra"]
[Black "Toth, Abel Levente"]
[Result "1/2-1/2"]
[WhiteElo "1746"]
[BlackElo "1754"]
[PlyCount "46"]
[EventDate "2015.08.26"]
[EventType "team-swiss"]
[EventRounds "8"]
[EventCountry "HUN"]
[SourceTitle "EXT 2016"]
[Source "ChessBase"]
[SourceDate "2015.10.08"]
[SourceVersion "1"]
[SourceVersionDate "2015.10.08"]
[SourceQuality "1"]

1. e4 e6 2. d4 d5 3. exd5 exd5 4. Bd3 Nf6 5. Nf3 c5 6. dxc5 Bxc5 7. 0-0 0-0 8. h3 Be6 9. Nc3 Nc6 10. Bf4 Re8 11. a3 Qd7 12. Re1 Rad8 13. Qd2 a6 14. Rad1 Ne7 15. Ne5 Qc8 16. Bg3 Ng6 17. Qg5 h6 18. Qd2 Nxe5 19. Bxe5 Nh7 20. Bf4 Bf8 21. Ne2 Bf5 22. Ng3 Rxe1+ 23. Rxe1 Bxd3 1/2-1/2

[Event "HUN-ch U12"]
[Site "Balatonlelle"]
[Date "2015.06.22"]
[Round "7"]
[White "Losonczi, Marcell"]
[Black "Toth, Abel Levente"]
[Result "1-0"]
[WhiteElo "1672"]
[BlackElo "1782"]
[PlyCount "56"]
[EventDate "2015.06.18"]
[EventType "swiss"]
[EventRounds "9"]
[EventCountry "HUN"]
[SourceTitle "CBM 167 Extra"]
[Source "ChessBase"]
[SourceDate "2015.09.14"]
[SourceVersion "1"]
[SourceVersionDate "2015.09.14"]
[SourceQuality "1"]

1. e4 e6 2. c4 d5 3. exd5 exd5 4. cxd5 Nf6 5. Bb5+ Nbd7 6. Nc3 Be7 7. Nge2 0-0 8. 0-0 Nb6 9. d4 Nbxd5 10. Nf4 c6 11. Bd3 Nxc3 12. bxc3 Nd5 13. Bc2 Nxf4 14. Bxf4 Bd6 15. Qd3 g6 16. Qg3 Bxf4 17. Qxf4 Be6 18. Rfe1 Re8 19. Re3 Qd7 20. h3 Rac8 21. Re5 Qc7 22. Rae1 Re7 23. Qf6 Rce8 24. f4 Qd8 25. f5 gxf5 26. Qg5+ Kf8 27. Qh6+ Kg8 28. R1e3 Kh8 1-0

[Event "HUN-ch U12"]
[Site "Balatonlelle"]
[Date "2015.06.18"]
[Round "1"]
[White "Blahota, Marcell"]
[Black "Toth, Abel Levente"]
[Result "1/2-1/2"]
[WhiteElo "1472"]
[BlackElo "1782"]
[PlyCount "89"]
[EventDate "2015.06.18"]
[EventType "swiss"]
[EventRounds "9"]
[EventCountry "HUN"]
[SourceTitle "CBM 167 Extra"]
[Source "ChessBase"]
[SourceDate "2015.09.14"]
[SourceVersion "1"]
[SourceVersionDate "2015.09.14"]
[SourceQuality "1"]

1. e4 e6 2. d4 d5 3. Nc3 a6 4. a3 Nf6 5. Bg5 Be7 6. exd5 exd5 7. Nf3 Nc6 8. Bd3 Bg4 9. Be2 h6 10. Bh4 Qd6 11. Bg3 Qd7 12. Ne5 Bxe2 13. Nxe2 Nxe5 14. Bxe5 0-0 15. 0-0 Rfe8 16. c3 Rac8 17. Ng3 Qg4 18. Qd2 Ne4 19. Nxe4 Qxe4 20. Rae1 Qg6 21. f4 Qf5 22. g3 f6 23. Qg2 c6 24. g4 Qd7 25. g5 hxg5 26. fxg5 fxe5 27. Rxe5 Bd6 28. Ref5 Rf8 29. Qg4 Rxf5 30. Rxf5 Qe7 31. Re5 Bxe5 32. Qxc8+ Kf7 33. Qf5+ Bf6 34. gxf6 Qe1+ 35. Qf1 Qe3+ 36. Qf2 Qg5+ 37. Kf1 gxf6 38. Qe2 Qh4 39. Qf2 Qh3+ 40. Qg2 Qf5+ 41. Qf2 Qg5 42. Qe2 Qc1+ 43. Kf2 Qf4+ 44. Ke1 Kg6 45. Qe8+ 1/2-1/2

[Event "Budapest Art Pub Cup 6th"]
[Site "Budapest"]
[Date "2015.01.04"]
[Round "6"]
[White "Toth, Abel Levente"]
[Black "Gyurkovics, Miklos"]
[Result "0-1"]
[WhiteElo "1754"]
[BlackElo "2153"]
[PlyCount "80"]
[EventDate "2015.01.02"]
[EventType "swiss"]
[EventRounds "6"]
[EventCountry "HUN"]
[SourceTitle "CBM 164 Extra"]
[Source "ChessBase"]
[SourceDate "2015.03.02"]
[SourceVersion "1"]
[SourceVersionDate "2015.03.02"]
[SourceQuality "1"]

1. e4 d6 2. d4 Nf6 3. Nc3 c6 4. Bg5 Qa5 5. Qd2 e5 6. Bxf6 gxf6 7. Nf3 h5 8. d5 Rg8 9. g3 Na6 10. Bg2 c5 11. Nh4 Qb4 12. a4 Bd7 13. 0-0 0-0-0 14. Qd3 Qd4 15. Qe2 c4 16. Nb5 Qc5 17. b3 Kb8 18. bxc4 Rc8 19. Qxh5 Rg7 20. Qe2 Qxc4 21. Qxc4 Rxc4 22. c3 Nc5 23. Nf5 Bxf5 24. exf5 a6 25. Na3 Rxc3 26. Rfb1 Rg4 27. f4 exf4 28. gxf4 Rxf4 29. Re1 Bh6 30. Nb1 Rc2 31. Na3 Rb2 32. Bf1 Rg4+ 33. Kh1 Ne4 34. Rxe4 Rxe4 35. Nc4 Rf2 36. Nxd6 Rd4 37. Rb1 Rdd2 38. Rxb7+ Ka8 39. Bxa6 Rd1+ 40. Bf1 Rdxf1# 0-1